[Event "Verkhnya Salda-ch"]
[Site "Verkhnya Salda"]
[Date "2010.02.14"]
[Round "2"]
[White "Yaschenko, Yury"]
[Black "Teluk, Sergey"]
[Result "1-0"]
[WhiteElo "1978"]
[BlackElo "1781"]
[PlyCount "63"]
[EventDate "2010.02.13"]
[EventType "tourn"]
[EventRounds "11"]
[EventCountry "RUS"]
[SourceTitle "EXT 2022"]
[Source "ChessBase"]
[SourceDate "2021.10.06"]
[SourceVersion "1"]
[SourceVersionDate "2021.10.06"]
[SourceQuality "1"]

1. c4 Nf6 2. Nc3 e6 3. Nf3 d5 4. e3 Be7 5. d4 c6 6. Qc2 Nbd7 7. Ne5 0-0 8. f4 dxc4 9. Bxc4 Nd5 10. Bd2 f6 11. Nf3 N7b6 12. Bb3 c5 13. Nxd5 Nxd5 14. dxc5 Qc7 15. Rc1 Bd7 16. Nd4 Kh8 17. 0-0 Rac8 18. Qe4 f5 19. Qf3 Rf6 20. Bxd5 exd5 21. Qxd5 Rcf8 22. b4 a6 23. Rce1 Rg6 24. e4 fxe4 25. Rxe4 Bh3 26. Rf2 Bh4 27. g3 Rd8 28. Qh5 Bf6 29. f5 Bxd4 30. Rxd4 Rh6 31. Bxh6 gxh6 32. Rxd8+ 1-0